00302nam a22001217a 4500020001800000082001400018100002000032245005100052250000900103260004400112300000800156650001600164 a9789350974728 a305.8 BHA aBhandarkar P.L. aMethodology and Techniques of Social Research  a24th aMumbaibHimalaya Publishing Housec2013 a437 aSocial work